| 000 | 00639ntm a22002537a 4500 | ||
|---|---|---|---|
| 005 | 20200813172149.0 | ||
| 008 | 200813b xxu||||| |||| 00| 0 spa d | ||
| 020 | _a9789587786163 | ||
| 041 | _aspa | ||
| 082 | _a621.381.5 A414a | ||
| 100 |
_aAliverti, Paolo _950711 |
||
| 245 | _aArduino trucos y secretos: 120 ideas para crear sus proyectos | ||
| 260 | _aEspaña | ||
| 260 | _bMarcombo | ||
| 260 | _c2019 | ||
| 300 | _a444 páginas | ||
| 650 |
_aELECTRÓNICA _91815 |
||
| 650 |
_aARDUINO _950689 |
||
| 650 |
_aLED _957844 |
||
| 650 |
_aBOTONES _920040 |
||
| 650 |
_aSENSORES _92021 |
||
| 650 |
_aPUERTOS _97831 |
||
| 942 | _cBK | ||
| 999 |
_c12644 _d12644 |
||